| 000 | 00602nam a22001937a 4500 | ||
|---|---|---|---|
| 005 | 20260102121710.0 | ||
| 010 | _aENG-147398-399 | ||
| 020 |
_c100.00 _a9789361838408 |
||
| 035 | _aEN-130930-931 | ||
| 037 | _bDBAD | ||
| 082 |
_a921 _21 |
||
| 100 |
_aRamakanta Singh _986200 |
||
| 245 |
_aKrushna Chandra Panigrahi: _bA Monograph (Makers of Indian Literature)/ _cRamakanta Singh |
||
| 250 | _a1 | ||
| 260 |
_aNew Delhi _bSahitya Academi _c2025 |
||
| 270 |
_bNew Delhi _aRabindra Bhawan, 35, Fiiroz Shah Marg _e110001 |
||
| 300 |
_a83p. _c21cm(pb) |
||
| 942 |
_2ddc _cEN _mRAM _h921 |
||
| 999 |
_c214000 _d214000 |
||